书目信息 |
| 题名: |
兰花
|
|
| 作者: | 斯夸尔, 著 ;赵科红 译 | |
| 分册: | ||
| 出版信息: | 长沙 湖南科学技术出版社 2006.05 |
|
| 页数: | 79页 | |
| 开本: | 24cm | |
| 丛书名: | DIY巧手园艺系列 | |
| 单 册: | ||
| 中图分类: | S682.31 | |
| 科图分类: | ||
| 主题词: | 兰花--lan hua--花卉--观赏园艺 , 观赏园艺--guan shang yuan yi , 园林树木--yuan lin shu mu , 花卉--hua hui | |
| 电子资源: | ||
| ISBN: | 7-5357-4543-1 | |
| 000 | 01048nam 2200289 450 | |
| 001 | 012006856797 | |
| 005 | 20061204161934.37 | |
| 010 | @a7-5357-4543-1@dCNY28.00 | |
| 100 | @a20061103d2006 km y0chiy0120 ea | |
| 101 | 1 | @achi@ceng |
| 102 | @aCN@b430000 | |
| 105 | @aa z 000yy | |
| 200 | 1 | @a兰花@Alan hua@f(英) David Squire著@F(ying)David Squire zhu@g赵科红译@Gzhao ke hong yi |
| 210 | @a长沙@c湖南科学技术出版社@d2006.05 | |
| 215 | @a79页@c图@d24cm | |
| 225 | 2 | @aDIY巧手园艺系列@ADIY qiao shou yuan yi xi lie |
| 330 | @a本书为读者提供了选花和养花的全程指导,同时还向读者介绍了现有的各种适合室内、温室以及花房种植的大部分兰花品种,并配有丰富的彩色插图。 | |
| 410 | 0 | @12001 @aDIY巧手园艺系列 |
| 606 | 0 | @a兰花@Alan hua@x花卉@x观赏园艺 |
| 606 | 0 | @a观赏园艺@Aguan shang yuan yi |
| 606 | 0 | @a园林树木@Ayuan lin shu mu |
| 606 | 0 | @a花卉@Ahua hui |
| 690 | @aS682.31@v4 | |
| 701 | 1 | @a斯夸尔,@Asi kua er,@bD.@g(Squire, David)@4著 |
| 702 | 0 | @a赵科红@Azhao ke hong@4译 |
| 801 | 0 | @aCN@c20061204 |
| 905 | @a10447@dS682.31@eS709 | |
| 兰花/(英) David Squire著/赵科红译.-长沙:湖南科学技术出版社,2006.05 |
| 79页:图;24cm.-(DIY巧手园艺系列) |
| ISBN 7-5357-4543-1:CNY28.00 |
| 本书为读者提供了选花和养花的全程指导,同时还向读者介绍了现有的各种适合室内、温室以及花房种植的大部分兰花品种,并配有丰富的彩色插图。 |
| ● |
| 相关链接 |
|
|
|
正题名:兰花
索取号:S682.31/S709
 
预约/预借
| 序号 | 登录号 | 条形码 | 馆藏地/架位号 | 状态 | 备注 |
| 1 | 225351 | 202253514 | 期刊室512/401自科库 68排2列4层/ [索取号:S682.31/S709] | 在馆 | |
| 2 | 225352 | 202253523 | 期刊室512/401自科库 68排2列4层/ [索取号:S682.31/S709] | 在馆 | |
| 3 | 225353 | 202253532 | 自科库401/401自科库 68排2列3层/ [索取号:S682.31/S709] | 在馆 |